Normal view
MARC view
- الفقهاء الاحناف- تراجم
Entry Topical Term
001 - CONTROL NUMBER
- control field: 17632
003 - CONTROL NUMBER IDENTIFIER
- control field: JO-AjAnu
005 - DATE AND TIME OF LATEST TRANSACTION
- control field: 20230606073118.0
008 - FIXED-LENGTH DATA ELEMENTS
- fixed length control field: 230606|| aca||aabn | a|a d
040 ## - CATALOGING SOURCE
- Original cataloging agency: JO-AjAnu
- Transcribing agency: JO-AjAnu
150 ## - HEADING--TOPICAL TERM
- Topical term or geographic name entry element: الفقهاء الاحناف- تراجم
670 ## - SOURCE DATA FOUND
- Source citation: Work cat.: (JO-AjAnu)9054: الاعظمي، وليد, author 17631, مدرسة الإمام أبي حنيفة تاريخها وتراجم شيوخها و مدرسيها